[Event "Mecklenburg VP-ch U25"]
[Site "Malchow"]
[Date "2019.02.06"]
[Round "7.10"]
[White "Helber, Felix"]
[Black "Markovych, Leonid"]
[Result "0-1"]
[WhiteElo "982"]
[BlackElo "1045"]
[PlyCount "88"]
[EventDate "2019.02.02"]
[EventType "swiss"]
[EventRounds "7"]
[EventCountry "GER"]
[SourceTitle "EXT 2022"]
[Source "ChessBase"]
[SourceDate "2021.10.06"]
[SourceVersion "1"]
[SourceVersionDate "2021.10.06"]
[SourceQuality "1"]

1. e4 c5 2. Nf3 e6 3. d3 a6 4. Nc3 Be7 5. Be2 d6 6. d4 cxd4 7. Nxd4 b5 8. Be3 Bb7 9. f3 Nf6 10. Bd3 0-0 11. 0-0 Nc6 12. Nxc6 Bxc6 13. Bg5 h6 14. Bxf6 Bxf6 15. Rb1 Qc7 16. Qd2 Rfd8 17. Rfd1 b4 18. Ne2 a5 19. Nf4 Bg5 20. g3 e5 21. h4 Bxf4 22. gxf4 Qe7 23. Qh2 exf4 24. Qxf4 d5 25. a3 bxa3 26. bxa3 Qxa3 27. exd5 Bxd5 28. Be4 Bxe4 29. Qxe4 Rac8 30. Ra1 Qc5+ 31. Kg2 Rxd1 32. Rxd1 Qxc2+ 33. Qxc2 Rxc2+ 34. Kg3 Ra2 35. h5 a4 36. Rd8+ Kh7 37. Ra8 a3 38. Kf4 Ra1 39. Kg4 a2 40. f4 Rg1+ 41. Kf5 a1Q 42. Rxa1 Rxa1 43. Ke5 Ra5+ 44. Kd6 Rxh5 0-1

[Event "Mecklenburg VP-ch U12"]
[Site "Malchow"]
[Date "2018.02.07"]
[Round "4.6"]
[White "Helber, Felix"]
[Black "Pham, Anh Tuan"]
[Result "0-1"]
[WhiteElo "971"]
[BlackElo "1187"]
[PlyCount "62"]
[EventDate "2018.02.07"]
[EventType "swiss"]
[EventRounds "7"]
[EventCountry "GER"]
[SourceTitle "EXT 2022"]
[Source "ChessBase"]
[SourceDate "2021.10.06"]
[SourceVersion "1"]
[SourceVersionDate "2021.10.06"]
[SourceQuality "1"]

1. e4 e5 2. Nf3 Nc6 3. Bc4 h6 4. d3 Nf6 5. h3 a6 6. a3 d6 7. Be3 Bd7 8. Nc3 Qc8 9. Nd5 Be7 10. Nxf6+ Bxf6 11. c3 0-0 12. Ng1 Na5 13. Qf3 Nxc4 14. dxc4 Be6 15. b3 Qd8 16. Rd1 c6 17. Qg3 Bg5 18. Bxg5 hxg5 19. Nf3 f6 20. Nd2 Kf7 21. b4 b5 22. c5 a5 23. cxd6 axb4 24. axb4 Qxd6 25. Nb3 Qe7 26. Nc5 Rfd8 27. Rxd8 Qxd8 28. Nxe6 Ra1+ 29. Ke2 Ra2+ 30. Ke1 Qd2+ 31. Kf1 Ra1# 0-1

[Event "Mecklenburg VP U10"]
[Site "Malchow"]
[Date "2016.02.02"]
[Round "3.6"]
[White "Kloepzig, Lars Arvid"]
[Black "Helber, Felix"]
[Result "0-1"]
[WhiteElo "879"]
[BlackElo "733"]
[PlyCount "112"]
[EventDate "2016.02.02"]
[EventType "swiss"]
[EventRounds "7"]
[EventCountry "GER"]
[SourceTitle "EXT 2024"]
[Source "ChessBase"]
[SourceDate "2023.10.10"]
[SourceVersion "1"]
[SourceVersionDate "2023.10.10"]
[SourceQuality "1"]

1. e4 e5 2. Nf3 Nc6 3. Bb5 a6 4. Bxc6 dxc6 5. Nc3 Bg4 6. h3 Bxf3 7. Qxf3 Bc5 8. d3 Nf6 9. 0-0 0-0 10. Qg3 Qd6 11. Bh6 Nh5 12. Qg5 Qxh6 13. Qxe5 Bd6 14. Qf5 g6 15. Qf3 Bb4 16. h4 Be7 17. g4 Nf6 18. g5 Qg7 19. gxf6 Bxf6 20. Qg3 Rac8 21. e5 Be7 22. d4 c5 23. Rfd1 cxd4 24. Rxd4 Rcd8 25. Rxd8 Rxd8 26. Nd5 Rxd5 27. e6 fxe6 28. Qxc7 b5 29. Qb7 a5 30. Qb6 Qf7 31. a4 bxa4 32. Rxa4 Bxh4 33. Rxh4 Rd2 34. Ra4 Rxc2 35. Rxa5 Kg7 36. Qd4+ Kh6 37. Qe3+ g5 38. Qh3+ Kg7 39. Qe3 Rxb2 40. Qd4+ Qf6 41. Ra7+ Kg6 42. Qxf6+ Kxf6 43. Rxh7 e5 44. Rh3 g4 45. Rd3 Kf5 46. Kg2 Kf4 47. Kf1 Rb1+ 48. Ke2 e4 49. Re3 Rb2+ 50. Kf1 Rd2 51. Ke1 Rb2 52. Kf1 Rd2 53. Ke1 Rd3 54. Rxd3 exd3 55. Kd1 Kf3 56. Ke1 d2+ 0-1